书目信息 |
| 题名: |
使用微处理器的简易数字自动化系统
|
|
| 作者: | 阿诺德 , Arnold 著 ;耿文行 译 | |
| 分册: | ||
| 出版信息: | 北京 化学工业出版社 1984 |
|
| 页数: | 301页 | |
| 开本: | 21cm | |
| 丛书名: | ||
| 单 册: | ||
| 中图分类: | TP368.1 , TP271 | |
| 科图分类: | ||
| 主题词: | 微处理器-数字系统 , 数字系统-微处理器 , 自动化系统 | |
| 电子资源: | ||
| ISBN: | ||
| 000 | 01020nam0 2200325 45 | |
| 001 | 0184016769 | |
| 005 | 20040519161601.0 | |
| 010 | @dCNY1.20 | |
| 091 | @b15063.3592 | |
| 100 | @a19950424d1984 em y0chiy0121 ea | |
| 101 | 1 | @achi@ceng |
| 102 | @aCN@b110000 | |
| 105 | @ay z 000yy | |
| 106 | @ar | |
| 200 | 10 | @a使用微处理器的简易数字自动化系统@Ashi yong wei chu li qi de jian yi shu zi zi dong hua xi tong@f()阿诺德(J.T.Arnold)著@g耿文行译 |
| 210 | @a北京@c化学工业出版社@d1984 | |
| 215 | @a301页@d21cm | |
| 300 | @a书名原文:Simplified Digital Automation with Microprocessors | |
| 510 | 1 | @aSimplified Digital Automation with Microprocessors@zeng |
| 606 | @a微处理器-数字系统 | |
| 606 | @a数字系统-微处理器 | |
| 606 | 0 | @a自动化系统 |
| 690 | @aTP368.1@v3 | |
| 690 | @aTP271 | |
| 701 | 1 | @a阿诺德@Aa nuo de@bJ.T.@4著 |
| 701 | A1 | @aArnold@bJ.T.@4著 |
| 702 | 0 | @a耿文行@Ageng wen xing@4译 |
| 801 | 0 | @aCN@b上海图书馆@c20040519 |
| 801 | 2 | @aCN@bNLC@c20040519 |
| 905 | @f1@b136575@dTP271@e18 | |
| 使用微处理器的简易数字自动化系统/()阿诺德(J.T.Arnold)著/耿文行译.-北京:化学工业出版社,1984 |
| 301页;21cm |
| 书名原文:Simplified Digital Automation with Microprocessors |
| ISBN :CNY1.20 |
| ● |
| 相关链接 |
|
|
|
|
正题名:使用微处理器的简易数字自动化系统
索取号:TP271/18
 
预约/预借
| 序号 | 登录号 | 条形码 | 馆藏地/架位号 | 状态 | 备注 |
| 1 | 0136575 | 001697364 | 第三借阅区/ [索取号:TP271/18] | 在馆 | |
| 2 | 0136576 | 001697355 | 第二样本阅览室/ [索取号:TP271/18] | 在馆 |